[Event "72. C.to Provinciale VE"]
[Site "Venezia S.Leonardo ITA"]
[Date "2012.01.07"]
[Round "2.5"]
[White "Zamengo, Bruno"]
[Black "Santagati, Marco"]
[Result "1-0"]
[WhiteElo "1975"]
[BlackElo "1581"]
[Annotator "Gabriele Ballarin"]
[PlyCount "93"]
[EventDate "2012.01.06"]
[EventType "swiss"]
[EventRounds "5"]
[EventCountry "ITA"]

1. e4 d5 2. exd5 Qxd5 3. Nc3 Qd6 4. Nf3 a6 5. Bc4 Nf6 6. Qe2 e6 7. a4 Be7 8. O-O O-O 9. Ne4 Nxe4 10. Qxe4 Nd7 11. d4 Nf6 12. Qe2 b6 13. c3 Re8 14. Ne5 Bf8 15. Bf4 Nd5 16. Bg3 Qd8 17. Bd3 g6 18. Qf3 Qf6 19. Qe4 c6 20. Nxc6 Bb7 21. Ne5 Qe7 22. Qe2 Qg5 23. Be4 f5 24. f4 Qe7 25. Bf3 Rac8 26. c4 Nf6 27. Bh4 Bxf3 28. Rxf3 Bg7 29. Rc1 Qd6 30. Bf2 Ne4 31. Rd3 Bh6 32. Be3 Qb4 33. b3 Qe7 34. g3 Bf8 35. d5 exd5 36. Rxd5 Qb4 37. Qd3 Bc5 38. Kg2 Bxe3 39. Qxe3 Nc5 40. Rb1 Nxa4 41. Qd4 Nc3 42. Rd7 Nxb1 43. Qd5+ Kh8 44. Nf7+ Kg7 45. Ng5+ Re7 46. Qe5+ Kg8 47. Rxe7 1-0

[Event "72. C.to Provinciale VE"]
[Site "Venezia S.Leonardo ITA"]
[Date "2012.01.07"]
[Round "2.6"]
[White "Pasqualetto, Lorenzo"]
[Black "Monticelli, Francesco"]
[Result "0-1"]
[WhiteElo "1837"]
[BlackElo "1690"]
[Annotator "Antonio Rosino"]
[PlyCount "37"]
[EventDate "2012.01.06"]
[EventType "swiss"]
[EventRounds "5"]
[EventCountry "ITA"]

1. e4 c6 2. d4 d5 3. exd5 cxd5 4. c4 dxc4 5. Bxc4 e6 6. Nf3 Bd6 7. Nc3 a6 8. O-O Qc7 9. Qe2 Ne7 10. Re1 O-O 11. h3 Nbc6 12. Bd3 Nb4 13. Bb1 Nbd5 14. Qd3 Ng6 15. Nxd5 exd5 16. Ne5 Re8 17. Nf3 $4 (17. Bf4 $11) 17... Rxe1+ 18. Nxe1 Qxc1 19. Qe2 0-1

[Event "72. C.to Provinciale VE"]
[Site "Venezia S.Leonardo ITA"]
[Date "2012.01.07"]
[Round "2.7"]
[White "Carini, Massimo"]
[Black "Loris, Stefano"]
[Result "0-1"]
[WhiteElo "2114"]
[BlackElo "1674"]
[Annotator "Gabriele Ballarin"]
[PlyCount "102"]
[EventDate "2012.01.06"]
[EventType "swiss"]
[EventRounds "5"]
[EventCountry "ITA"]

1. e4 c6 2. d4 d5 3. e5 Bf5 4. Bd3 Bxd3 5. Qxd3 e6 6. Nf3 Be7 7. O-O Nd7 8. b3 Nh6 9. c4 Nf5 10. Nc3 O-O 11. a4 a6 12. Ba3 Nh4 13. Bxe7 Nxf3+ 14. Qxf3 Qxe7 15. a5 Rad8 16. h3 c5 17. dxc5 Nxe5 18. Qg3 Nc6 19. cxd5 exd5 20. Ra4 d4 21. Nb1 d3 22. Nd2 Nd4 23. Qg4 f5 24. Qd1 Rf6 25. Re1 Ne2+ 26. Kf1 Re6 27. Rc4 Qc7 28. Nf3 Qxa5 29. Qd2 Qxd2 30. Nxd2 Rde8 31. Rd1 g5 32. g3 Kg7 33. b4 Kg6 34. Kg2 Rd8 35. Nb1 Re4 36. Rxe4 fxe4 37. Nd2 Rd4 38. Rb1 Nc3 39. Rb3 Nb5 40. g4 h6 41. Kg3 Kf6 42. Kg2 Ke5 43. Kg3 Nc7 44. Rb1 Kd5 45. h4 Ne6 46. hxg5 hxg5 47. b5 Nxc5 48. bxa6 bxa6 49. Rb8 a5 50. Rd8+ Ke5 51. Rc8 Ne6 0-1

[Event "72. C.to Provinciale VE"]
[Site "Venezia S.Leonardo ITA"]
[Date "2012.01.07"]
[Round "2.8"]
[White "Perissotto, Mario"]
[Black "Civitareale, Alberto"]
[Result "1/2-1/2"]
[WhiteElo "1625"]
[BlackElo "1747"]
[Annotator "Gabriele Ballarin"]
[PlyCount "164"]
[EventDate "2012.01.06"]
[EventType "swiss"]
[EventRounds "5"]
[EventCountry "ITA"]

1. e4 e5 2. Nf3 Nc6 3. Bb5 a6 4. Ba4 Nf6 5. O-O b5 6. Bb3 Be7 7. Re1 O-O 8. c3 Bb7 9. d4 d6 10. h3 Na5 11. Bc2 exd4 12. cxd4 Nc4 13. b3 Nb6 14. Bb2 Re8 15. Nbd2 Nbd7 16. Rc1 h6 17. Nf1 Rc8 18. Ng3 c5 19. d5 c4 20. bxc4 Rxc4 21. Qd2 Nh7 22. Bb3 Rc8 23. Rxc8 Qxc8 24. Nf5 Nhf6 25. Qf4 Bf8 26. Nxd6 Bxd6 27. Qxd6 Rxe4 28. Rc1 Qe8 29. Rc7 Bc8 30. Qc6 Nb8 31. Qxe8+ Rxe8 32. Bxf6 gxf6 33. Nd4 Bd7 34. d6 Re4 35. Nc2 Kg7 36. Rb7 Re8 37. Nb4 Rd8 38. Ra7 f5 39. Nxa6 Nxa6 40. Rxa6 Kf6 41. Rb6 Be8 42. f3 Bd7 43. Kf2 Be6 44. Rxb5 Rxd6 45. Ke3 Rc6 46. Kd2 Ra6 47. Ke3 Rd6 48. a4 Bxb3 49. Rxb3 Ra6 50. Ra3 Ke5 51. a5 h5 52. Ra4 f6 53. g3 h4 54. f4+ Kd5 55. gxh4 Re6+ 56. Kf3 Ra6 57. h5 Ke6 58. Kg3 Kf7 59. Ra3 Kg7 60. Kh4 Kh6 61. Rg3 Rc6 62. Rb3 Rc4 63. Kg3 Rc6 64. Rb6 Rc3+ 65. Kh4 Kg7 66. a6 Ra3 67. Rb7+ Kh6 68. a7 Ra4 69. Kg3 Kxh5 70. Rb5 Ra3+ 71. Kf2 Kg6 72. Rb7 Kh6 73. Re7 Kg6 74. h4 Kh5 75. Rf7 Kg6 76. Rb7 Kh5 77. Ke2 Kxh4 78. Rg7 Kh5 79. Kd2 Kh6 80. Rc7 Kh5 81. Rg7 Kh6 82. Rd7 Kh5 1/2-1/2

[Event "72. C.to Provinciale VE"]
[Site "Venezia S.Leonardo ITA"]
[Date "2012.01.07"]
[Round "2.9"]
[White "Viotti, Alberto"]
[Black "Simongini, Giacomo"]
[Result "1/2-1/2"]
[WhiteElo "1591"]
[BlackElo "1745"]
[Annotator "Gabriele Ballarin"]
[PlyCount "39"]
[EventDate "2012.01.06"]
[EventType "swiss"]
[EventRounds "5"]
[EventCountry "ITA"]

1. d4 e6 2. Nf3 Nf6 3. Bg5 Be7 4. e3 b6 5. Bd3 Bb7 6. Nbd2 d5 7. O-O Nbd7 8. Re1 c5 9. c3 Qc7 10. e4 dxe4 11. Nxe4 Rd8 12. Nxf6+ Nxf6 13. Bb5+ Nd7 14. Bxe7 Kxe7 15. Ne5 Nxe5 16. Rxe5 f6 17. Re3 cxd4 18. cxd4 Qf4 19. Qb3 Qd6 20. Rae1 1/2-1/2

[Event "72. C.to Provinciale VE"]
[Site "Venezia S.Leonardo ITA"]
[Date "2012.01.07"]
[Round "2.10"]
[White "Marchetti, Daniele"]
[Black "Restifo Pecorella, Marco"]
[Result "1-0"]
[WhiteElo "1694"]
[BlackElo "1440"]
[Annotator "Gabriele Ballarin"]
[PlyCount "99"]
[EventDate "2012.01.06"]
[EventType "swiss"]
[EventRounds "5"]
[EventCountry "ITA"]

1. d4 Nc6 2. c4 e5 3. d5 Nd4 4. e3 Nf5 5. Nf3 d6 6. e4 Nh4 7. Nxh4 Qxh4 8. Nd2 Qg4 9. Qa4+ Bd7 10. Qb3 b6 11. h3 Qg5 12. Nb1 Qxc1+ 13. Qd1 Qxd1+ 14. Kxd1 Nf6 15. f3 c5 16. Nc3 a5 17. Be2 h5 18. Kd2 g6 19. Kd3 Bh6 20. g4 Bf4 21. Bd1 a4 22. a3 Bg3 23. b4 cxb4 24. axb4 a3 25. Rg1 Bf2 26. Rg2 Bd4 27. Rga2 O-O 28. Rxa3 Rxa3 29. Rxa3 Nh7 30. Ne2 hxg4 31. hxg4 f5 32. Nxd4 exd4 33. Kxd4 fxg4 34. fxg4 Rf1 35. Ra8+ Kg7 36. Be2 Rg1 37. Ra7 Nf6 38. e5 Kh6 39. exf6 Bxg4 40. Bxg4 Rxg4+ 41. Kd3 Rf4 42. Rb7 Rxf6 43. Rxb6 g5 44. c5 Rf5 45. Rxd6+ Kh5 46. c6 Rf8 47. b5 Rc8 48. b6 Re8 49. c7 Rc8 50. Rd8 1-0

[Event "72. C.to Provinciale VE"]
[Site "Venezia S.Leonardo ITA"]
[Date "2012.01.07"]
[Round "3.1"]
[White "Zamengo, Fulvio"]
[Black "Gallo, Enrico"]
[Result "1/2-1/2"]
[WhiteElo "2046"]
[BlackElo "2068"]
[Annotator "Gabriele Ballarin"]
[PlyCount "111"]
[EventDate "2012.01.06"]
[EventType "swiss"]
[EventRounds "5"]
[EventCountry "ITA"]

1. e4 e6 2. d4 d5 3. Nd2 Nf6 4. e5 Nfd7 5. Bd3 c5 6. c3 Nc6 7. Ne2 cxd4 8. cxd4 f6 9. exf6 Nxf6 10. Nf3 Bd6 11. O-O O-O 12. Bf4 Bxf4 13. Nxf4 Ne4 14. Ne2 Ng5 15. Nxg5 Qxg5 16. Rc1 Bd7 17. Bb1 e5 18. dxe5 Qxe5 19. Ng3 Rae8 20. Qb3 Nd4 21. Qd3 g6 22. Rcd1 Rf4 23. Qd2 Qg5 24. Rde1 Ref8 25. f3 Qf6 26. Re3 Qb6 27. Qf2 Bb5 28. Bd3 Nc6 29. Bxb5 Qxb5 30. Rb3 Rb4 31. Rxb4 Nxb4 32. Qxa7 b6 33. Qe7 Re8 34. Qf6 Qc5+ 35. Kh1 Nd3 36. h4 Qe3 37. Qg5 Nf4 38. Nf5 Qe5 39. Nh6+ Kg7 40. Qxe5+ Rxe5 41. Ng4 Re2 42. g3 Ne6 43. Rf2 Re1+ 44. Kg2 h5 45. Nh2 Kf6 46. Rd2 Ke5 47. Kf2 Rc1 48. f4+ Kd6 49. Nf3 Nc5 50. Kg2 Ne4 51. Re2 Kc5 52. Ne5 Kd4 53. Kh2 Rf1 54. Kg2 Rc1 55. Kh2 Rf1 56. Kg2 1/2-1/2

[Event "72. C.to Provinciale VE"]
[Site "Venezia S.Leonardo ITA"]
[Date "2012.01.07"]
[Round "3.2"]
[White "Velluti, Alberto"]
[Black "Aprile, Martino"]
[Result "1-0"]
[WhiteElo "1964"]
[BlackElo "1917"]
[Annotator "Antonio Rosino"]
[PlyCount "53"]
[EventDate "2012.01.06"]
[EventType "swiss"]
[EventRounds "5"]
[EventCountry "ITA"]

{[%evp 0,53,25,22,50,57,71,57,53,36,31,-3,-2,-26,-13,-22,4,5,11,28,18,-2,54,25,42,4,23,14,87,97,92,105,112,122,175,170,147,160,151,79,123,120,115,143,119,144,164,134,184,98,194,234,637,672,1056,985]} 1. e4 c5 2. Nf3 a6 3. d4 cxd4 4. Nxd4 Nf6 5. f3 e5 6. Nb3 d5 7. exd5 Qxd5 8. Bd3 Nc6 9. Nc3 Bb4 10. Bd2 Bxc3 11. Bxc3 Be6 12. Qe2 Qd6 13. O-O-O Qc7 14. Rhe1 Nd7 15. f4 exf4 $2 (15... O-O) 16. Bf5 O-O-O 17. Bxe6 fxe6 18. Qxe6 Kb8 19. Rd2 Rhe8 20. Qxe8 Rxe8 21. Rxe8+ Ka7 22. Bxg7 Nb6 23. Bc3 Nc4 24. Rd3 Ne3 25. Nd4 Nd8 26. Rxd8 Kb6 27. Nb3 1-0

[Event "72. C.to Provinciale VE"]
[Site "Venezia S.Leonardo ITA"]
[Date "2012.01.07"]
[Round "3.3"]
[White "Monticelli, Francesco"]
[Black "Tomio, Dante"]
[Result "1/2-1/2"]
[WhiteElo "1690"]
[BlackElo "1792"]
[Annotator "Gabriele Ballarin"]
[PlyCount "85"]
[EventDate "2012.01.06"]
[EventType "swiss"]
[EventRounds "5"]
[EventCountry "ITA"]

1. e4 c5 2. Nf3 d6 3. d4 cxd4 4. Nxd4 Nf6 5. Nc3 e6 6. g3 Nc6 7. Nxc6 bxc6 8. Bg2 Qc7 9. O-O Be7 10. Re1 O-O 11. Qe2 Rb8 12. Rb1 Nd7 13. b3 Bf6 14. Nd1 Qa5 15. a4 Ba6 16. Qd2 Qxd2 17. Bxd2 c5 18. Ne3 Rfc8 19. Bf1 Bxf1 20. Kxf1 Ne5 21. Kg2 Rb7 22. f4 Nc6 23. Nc4 Be7 24. Bc3 Nd4 25. Bxd4 cxd4 26. Rbd1 d5 27. exd5 exd5 28. Ne5 Rxc2+ 29. Kh3 Bb4 30. Rc1 Rxc1 31. Rxc1 Bc3 32. Nf3 f6 33. Rb1 a5 34. Kg2 Rb4 35. Kf2 Kf7 36. Ke2 Ke6 37. Kd3 Kf5 38. h3 g5 39. fxg5 fxg5 40. Rf1 Kg6 41. Rb1 h5 42. g4 hxg4 43. hxg4 1/2-1/2

[Event "72. C.to Provinciale VE"]
[Site "Venezia S.Leonardo ITA"]
[Date "2012.01.07"]
[Round "3.4"]
[White "Redo, Giorgio"]
[Black "Zamengo, Bruno"]
[Result "1-0"]
[WhiteElo "2098"]
[BlackElo "1975"]
[Annotator "Gabriele Ballarin"]
[PlyCount "57"]
[EventDate "2012.01.06"]
[EventType "swiss"]
[EventRounds "5"]
[EventCountry "ITA"]

1. f4 d5 2. Nf3 c5 3. e3 Nc6 4. Bb5 Bd7 5. b3 Nf6 6. Bb2 e6 7. O-O Be7 8. Bxc6 Bxc6 9. Ne5 Bb5 10. d3 O-O 11. Nd2 Nd7 12. a4 Nxe5 13. Bxe5 Bc6 14. Qg4 Bf6 15. Rf3 Bxe5 16. fxe5 Qa5 17. Rg3 g6 18. Nf3 Qc3 19. Rf1 f5 20. Qg5 Rf7 21. d4 c4 22. Qh6 Rg7 23. Ng5 Be8 24. Nxe6 Rf7 25. h4 Kh8 26. Ng5 Rg7 27. Nxh7 Kg8 28. Nf6+ Kf7 29. Nh5 1-0

[Event "72. C.to Provinciale VE"]
[Site "Venezia S.Leonardo ITA"]
[Date "2012.01.07"]
[Round "3.5"]
[White "Ballarin, Gabriele"]
[Black "Marchetti, Daniele"]
[Result "1-0"]
[WhiteElo "1846"]
[BlackElo "1694"]
[Annotator "Antonio Rosino"]
[PlyCount "75"]
[EventDate "2012.01.06"]
[EventType "swiss"]
[EventRounds "5"]
[EventCountry "ITA"]

1. e4 c5 2. g3 d6 3. Bg2 Nf6 4. Ne2 e6 5. d3 Be7 6. O-O O-O 7. h3 Qc7 8. c3 Bd7 9. Na3 Bc6 10. Be3 Nbd7 11. f4 a6 12. g4 b5 13. Ng3 Rab8 14. Nc2 h6 15. Qe1 Nh7 16. f5 Bh4 17. Bf2 Ne5 18. Qe2 Bxg3 19. Bxg3 exf5 20. Rxf5 Bb7 21. Raf1 Ng5 22. h4 Nh7 23. d4 Nxg4 24. Qxg4 Bc8 25. Qf4 Bxf5 26. Qxf5 cxd4 27. Nxd4 Rbe8 28. Qd5 Rd8 29. Bh3 Nf6 30. Rxf6 gxf6 31. Qh5 Rfe8 32. Qxh6 Rxe4 33. Bf5 Rde8 34. Qh7+ (34. Bh7+ Kh8 35. Bxe4+ Kg8 36. Nf5 Qc5+ 37. Bf2) 34... Kf8 35. Bxe4 Qc5 36. Qf5 Qb6 37. h5 b4 38. h6 1-0

[Event "72. C.to Provinciale VE"]
[Site "Venezia S.Leonardo ITA"]
[Date "2012.01.07"]
[Round "3.6"]
[White "Loris, Stefano"]
[Black "Zangrando, Gianpietro"]
[Result "0-1"]
[WhiteElo "1674"]
[BlackElo "1795"]
[Annotator "Gabriele Ballarin"]
[PlyCount "72"]
[EventDate "2012.01.06"]
[EventType "swiss"]
[EventRounds "5"]
[EventCountry "ITA"]

1. d4 f5 2. c4 Nf6 3. Nc3 g6 4. Nf3 Bg7 5. e3 d6 6. Be2 O-O 7. O-O Nbd7 8. Ng5 Nb6 9. c5 Nbd5 10. Bc4 e6 11. e4 fxe4 12. Ngxe4 Nxc3 13. Nxc3 d5 14. Be2 c6 15. Bf4 Nd7 16. Bd6 Re8 17. f4 Qa5 18. a3 Qd8 19. Qd3 b6 20. b4 a5 21. Kh1 Ba6 22. Qd1 Bxe2 23. Nxe2 axb4 24. axb4 b5 25. Rf3 Nf6 26. Ng3 Rxa1 27. Qxa1 Ng4 28. h3 Qh4 29. Ra3 Nf2+ 30. Kg1 Ne4 31. Nxe4 dxe4 32. Be5 Bxe5 33. fxe5 Rf8 34. Qa2 Qe1+ 35. Kh2 Rf1 36. Qxe6+ Kg7 0-1

[Event "72. C.to Provinciale VE"]
[Site "Venezia S.Leonardo ITA"]
[Date "2012.01.07"]
[Round "3.7"]
[White "Simongini, Giacomo"]
[Black "Pasqualetto, Lorenzo"]
[Result "1/2-1/2"]
[WhiteElo "1745"]
[BlackElo "1837"]
[Annotator "Gabriele Ballarin"]
[PlyCount "71"]
[EventDate "2012.01.06"]
[EventType "swiss"]
[EventRounds "5"]
[EventCountry "ITA"]

1. e4 c5 2. Nf3 a6 3. c3 d5 4. e5 Nc6 5. d4 cxd4 6. cxd4 Bg4 7. Be2 Qb6 8. O-O e6 9. Nbd2 Nge7 10. Qb3 Qxb3 11. Nxb3 Nf5 12. Be3 Nxe3 13. fxe3 Be7 14. Rac1 O-O 15. Bd3 Bxf3 16. Rxf3 Nb4 17. Bb1 Rac8 18. Rcf1 f5 19. exf6 Rxf6 20. Rxf6 Bxf6 21. Nc5 e5 22. Nd7 exd4 23. Nxf6+ gxf6 24. exd4 Rc4 25. Rd1 Nc2 26. b3 Rc6 27. Rd2 Nxd4 28. Rxd4 Rc1+ 29. Kf2 Rxb1 30. Rxd5 Rb2+ 31. Kf3 Rxa2 32. Rd8+ Kg7 33. Rd7+ Kg6 34. Rxb7 Rb2 35. b4 a5 36. b5 1/2-1/2

[Event "72. C.to Provinciale VE"]
[Site "Venezia S.Leonardo ITA"]
[Date "2012.01.07"]
[Round "3.8"]
[White "Santagati, Marco"]
[Black "Perissotto, Mario"]
[Result "1-0"]
[WhiteElo "1581"]
[BlackElo "1747"]
[Annotator "Gabriele Ballarin"]
[PlyCount "47"]
[EventDate "2012.01.06"]
[EventType "swiss"]
[EventRounds "5"]
[EventCountry "ITA"]

1. d4 Nf6 2. Nc3 d5 3. Bg5 e6 4. Nf3 Be7 5. Bxf6 Bxf6 6. e4 g6 7. e5 Bg7 8. Bd3 Nd7 9. Qe2 c5 10. dxc5 Nxc5 11. O-O Nxd3 12. Qxd3 a6 13. Rad1 O-O 14. Rfe1 b5 15. Ne4 Qa5 16. Nf6+ Kh8 17. Nd4 Bb7 18. Re3 Qd8 19. Rf3 Bh6 20. Rh3 Kg7 21. Rxh6 Rh8 22. Qh3 Qc7 23. Nxe6+ fxe6 24. Rxh7+ 1-0

[Event "72. C.to Provinciale VE"]
[Site "Venezia S.Leonardo ITA"]
[Date "2012.01.07"]
[Round "3.9"]
[White "Civitareale, Alberto"]
[Black "Viotti, Alberto"]
[Result "1/2-1/2"]
[WhiteElo "1625"]
[BlackElo "1591"]
[Annotator "Gabriele Ballarin"]
[PlyCount "64"]
[EventDate "2012.01.06"]
[EventType "swiss"]
[EventRounds "5"]
[EventCountry "ITA"]

1. e4 c6 2. d4 d5 3. exd5 cxd5 4. Nf3 Nc6 5. Be2 Nf6 6. Nc3 Bg4 7. O-O e6 8. a3 Bd6 9. Nb5 O-O 10. Nxd6 Qxd6 11. b3 Rac8 12. Bb2 Rc7 13. Ne5 Bxe2 14. Qxe2 Rfc8 15. Rac1 Qf8 16. f3 a6 17. Nxc6 Rxc6 18. c4 dxc4 19. bxc4 Qe7 20. d5 Qc5+ 21. Qf2 Qxf2+ 22. Kxf2 exd5 23. cxd5 Rxc1 24. Rxc1 Rxc1 25. Bxc1 Nxd5 26. Ke2 h5 27. Kd3 Kf8 28. Kd4 Ne7 29. Kc5 Nc8 30. Bf4 Ke7 31. h4 Ke6 32. g3 g6 1/2-1/2

[Event "72. C.to Provinciale VE"]
[Site "Venezia S.Leonardo ITA"]
[Date "2012.01.07"]
[Round "3.10"]
[White "Restifo Pecorella, Marco"]
[Black "Carini, Massimo"]
[Result "0-1"]
[WhiteElo "1440"]
[BlackElo "2114"]
[Annotator "Gabriele Ballarin"]
[PlyCount "80"]
[EventDate "2012.01.06"]
[EventType "swiss"]
[EventRounds "5"]
[EventCountry "ITA"]

1. e4 e5 2. Nf3 Nf6 3. Bc4 Nc6 4. d3 Be7 5. Ng5 O-O 6. Nc3 Na5 7. Bd5 c6 8. Bc4 Nxc4 9. dxc4 d6 10. f3 Nh5 11. h4 h6 12. g4 Nf4 13. Bxf4 exf4 14. Qd3 Bxg5 15. hxg5 Qxg5 16. O-O-O Qc5 17. Na4 Qe5 18. Qd4 Qxd4 19. Rxd4 Be6 20. b3 Rfd8 21. Rhd1 Rd7 22. c5 d5 23. c4 Rad8 24. Nc3 dxc4 25. Rxd7 Rxd7 26. Rxd7 Bxd7 27. bxc4 Be6 28. a3 Bxc4 29. Kd1 Kf8 30. Nb1 Ke7 31. Nd2 Be6 32. Ke2 b6 33. Kd3 bxc5 34. e5 Bd5 35. Ke2 Ke6 36. Ne4 Bxe4 37. fxe4 Kxe5 38. Kf3 c4 39. a4 c3 40. a5 c2 0-1

[Event "72. C.to Provinciale VE"]
[Site "Venezia S.Leonardo ITA"]
[Date "2012.01.08"]
[Round "4.1"]
[White "Gallo, Enrico"]
[Black "Velluti, Alberto"]
[Result "1-0"]
[WhiteElo "2068"]
[BlackElo "1962"]
[Annotator "Gabriele Ballarin"]
[PlyCount "77"]
[EventDate "2012.01.06"]
[EventType "swiss"]
[EventRounds "5"]
[EventCountry "ITA"]

1. e4 e5 2. Nf3 Nc6 3. Bb5 a6 4. Ba4 Nf6 5. O-O Be7 6. Re1 b5 7. Bb3 O-O 8. a4 Bb7 9. c3 d5 10. d4 dxe4 11. Nxe5 Nxe5 12. dxe5 Qxd1 13. Rxd1 Ng4 14. e6 Bc5 15. exf7+ Kh8 16. Rf1 Bd6 17. h3 Ne5 18. axb5 axb5 19. Rxa8 Bxa8 20. Na3 Bxa3 21. bxa3 Nxf7 22. Rd1 Ne5 23. Bc2 Bc6 24. Bf4 Nc4 25. Bxc7 e3 26. fxe3 Nxe3 27. Rd2 Nxc2 28. Rxc2 Bd5 29. Re2 h6 30. Re5 Bc4 31. Rc5 Rf1+ 32. Kh2 Ra1 33. Be5 Rxa3 34. Rc8+ Kh7 35. Rc7 Kg6 36. g4 Bf7 37. h4 Ra2+ 38. Kg3 Re2 39. Bd4 1-0

[Event "72. C.to Provinciale VE"]
[Site "Venezia S.Leonardo ITA"]
[Date "2012.01.08"]
[Round "4.2"]
[White "Aprile, Martino"]
[Black "Zamengo, Fulvio"]
[Result "1/2-1/2"]
[WhiteElo "1917"]
[BlackElo "2046"]
[Annotator "Gabriele Ballarin"]
[PlyCount "47"]
[EventDate "2012.01.06"]
[EventType "swiss"]
[EventRounds "5"]
[EventCountry "ITA"]

1. e4 e6 2. d4 d5 3. exd5 exd5 4. Bd3 Nf6 5. Nf3 c5 6. dxc5 Bxc5 7. O-O O-O 8. Nc3 Nc6 9. Bg5 Be6 10. Qd2 d4 11. Ne4 Nxe4 12. Bxe4 f6 13. Bf4 Qd7 14. h3 Rfe8 15. Qd3 g6 16. a3 Bd5 17. Bxd5+ Qxd5 18. b4 Bb6 19. c4 Qe4 20. Qxe4 Rxe4 21. Bg3 a6 22. c5 Ba7 23. Rfd1 Bb8 24. Bxb8 1/2-1/2

[Event "72. C.to Provinciale VE"]
[Site "Venezia S.Leonardo ITA"]
[Date "2012.01.08"]
[Round "4.3"]
[White "Zangrando, Gianpietro"]
[Black "Redo, Giorgio"]
[Result "0-1"]
[WhiteElo "1796"]
[BlackElo "2098"]
[Annotator "Gabriele Ballarin"]
[PlyCount "130"]
[EventDate "2012.01.06"]
[EventType "swiss"]
[EventRounds "5"]
[EventCountry "ITA"]

1. c4 e5 2. Nc3 Nc6 3. g3 Nf6 4. Bg2 Bc5 5. e3 d6 6. Nge2 O-O 7. a3 a5 8. O-O Bg4 9. h3 Bf5 10. d4 Bb6 11. Na4 Ba7 12. d5 Ne7 13. Bd2 Qc8 14. Kh2 Bd3 15. b3 Qf5 16. Rc1 c6 17. Nb2 cxd5 18. Nxd3 Qxd3 19. Rc3 Qf5 20. g4 Qe6 21. Ng3 dxc4 22. Rxc4 d5 23. Rc7 b6 24. Qa1 Rfc8 25. Rfc1 Rxc7 26. Rxc7 Bb8 27. Rc2 Bd6 28. Qc1 Rc8 29. Rxc8+ Nxc8 30. g5 Ne8 31. e4 d4 32. Bf1 Ne7 33. Bc4 Qc8 34. Nf5 Kf8 35. Nxe7 Kxe7 36. Qd1 Bxa3 37. Qh5 Nd6 38. g6 hxg6 39. Qxe5+ Kf8 40. Bd3 Qc5 41. Qf4 f6 42. Qg4 Qh5 43. Qg3 Ke7 44. Kg2 Qd1 45. Bf4 Qxb3 46. e5 Nf5 47. Bc4 Qxg3+ 48. fxg3 g5 49. exf6+ gxf6 50. Bd2 Kd6 51. Kf3 Bb4 52. Bc1 a4 53. Bd3 Ke5 54. Kg4 Ng7 55. h4 gxh4 56. gxh4 f5+ 57. Kg5 Ne6+ 58. Kg6 Nf4+ 59. Bxf4+ Kxf4 60. h5 Bf8 61. Bxf5 a3 62. Be6 d3 63. Kf7 Bc5 64. Bb3 d2 65. Ke6 a2 0-1

[Event "72. C.to Provinciale VE"]
[Site "Venezia S.Leonardo ITA"]
[Date "2012.01.08"]
[Round "4.4"]
[White "Tomio, Dante"]
[Black "Ballarin, Gabriele"]
[Result "0-1"]
[WhiteElo "1792"]
[BlackElo "1846"]
[Annotator "Gabriele Ballarin"]
[PlyCount "100"]
[EventDate "2012.01.06"]
[EventType "swiss"]
[EventRounds "5"]
[EventCountry "ITA"]

1. d4 d6 2. c4 e5 3. d5 f5 4. Nc3 Nf6 5. Qc2 Be7 6. e4 Nxe4 7. Nxe4 fxe4 8. Qxe4 O-O 9. g4 Na6 10. Bd3 g6 11. Be3 Bg5 12. O-O-O Nc5 13. Bxg5 Qxg5+ 14. Qe3 Qxe3+ 15. fxe3 Bxg4 16. Be2 Bxe2 17. Nxe2 Rf2 18. Nc3 a5 19. Nb5 Na6 20. h4 Raf8 21. Rdg1 R8f3 22. h5 Kg7 23. Nc3 Nc5 24. Nd1 Re2 25. hxg6 hxg6 26. Rh4 Nd3+ 27. Kb1 Re1 28. Rxe1 Nxe1 29. Rh1 Ng2 30. e4 Ne3 31. Nc3 Nxc4 32. Nb5 Rf7 33. Rc1 Nd2+ 34. Ka1 Nxe4 35. Nxc7 g5 36. a3 g4 37. Re1 Rxc7 38. Rxe4 Rc1+ 39. Ka2 Rg1 40. b4 Rd1 41. Rxg4+ Kf6 42. Kb3 Rxd5 43. Kc4 Rd4+ 44. Rxd4 exd4 45. Kxd4 axb4 46. axb4 Ke6 47. Kc4 Ke5 48. b5 b6 49. Kc3 Kd5 50. Kb4 Kd4 0-1

[Event "72. C.to Provinciale VE"]
[Site "Venezia S.Leonardo ITA"]
[Date "2012.01.08"]
[Round "4.5"]
[White "Santagati, Marco"]
[Black "Monticelli, Francesco"]
[Result "0-1"]
[WhiteElo "1581"]
[BlackElo "1690"]
[Annotator "Gabriele Ballarin"]
[PlyCount "50"]
[EventDate "2012.01.06"]
[EventType "swiss"]
[EventRounds "5"]
[EventCountry "ITA"]

1. d4 Nf6 2. Nc3 d5 3. Bg5 e6 4. Nf3 Nbd7 5. e4 dxe4 6. Nxe4 Be7 7. Nxf6+ Bxf6 8. Bf4 c6 9. Bd3 Qb6 10. Be3 Qxb2 11. O-O Qa3 12. Qe2 O-O 13. Nd2 Qe7 14. f4 c5 15. c3 cxd4 16. Bxd4 Rd8 17. Rf3 Bxd4+ 18. cxd4 Nf6 19. Ne4 Rxd4 20. Nxf6+ Qxf6 21. Re1 Rxf4 22. Be4 e5 23. Qb5 g6 24. Qe8+ Kg7 25. Bxb7 Bxb7 0-1

[Event "72. C.to Provinciale VE"]
[Site "Venezia S.Leonardo ITA"]
[Date "2012.01.08"]
[Round "4.6"]
[White "Zamengo, Bruno"]
[Black "Carini, Massimo"]
[Result "1-0"]
[WhiteElo "1975"]
[BlackElo "2114"]
[Annotator "Gabriele Ballarin"]
[PlyCount "73"]
[EventDate "2012.01.06"]
[EventType "swiss"]
[EventRounds "5"]
[EventCountry "ITA"]

1. e4 e5 2. Nf3 Nf6 3. Nxe5 d6 4. Nf3 Nxe4 5. Bc4 d5 6. Qe2 dxc4 7. Qxe4+ Qe7 8. d3 cxd3 9. cxd3 Bf5 10. Qxe7+ Bxe7 11. d4 Nc6 12. O-O O-O-O 13. Be3 Bf6 14. Nc3 Bg4 15. Ne5 Nxe5 16. dxe5 Bxe5 17. Rac1 a6 18. Rfe1 Bxc3 19. Rxc3 Rhe8 20. f3 Rxe3 21. Rcxe3 Be6 22. a3 Rd2 23. R1e2 Rxe2 24. Rxe2 c5 25. Kf2 b5 26. Re5 c4 27. Ke3 Kc7 28. Kd4 Kd6 29. a4 Kc6 30. axb5+ axb5 31. Kc3 Kb6 32. Kb4 Bd7 33. Re7 Be8 34. Rxe8 g6 35. Rb8+ Kc6 36. Rxb5 h5 37. h4 1-0

[Event "72. C.to Provinciale VE"]
[Site "Venezia S.Leonardo ITA"]
[Date "2012.01.08"]
[Round "4.7"]
[White "Pasqualetto, Lorenzo"]
[Black "Civitareale, Alberto"]
[Result "1/2-1/2"]
[WhiteElo "1837"]
[BlackElo "1625"]
[Annotator "Gabriele Ballarin"]
[PlyCount "88"]
[EventDate "2012.01.06"]
[EventType "swiss"]
[EventRounds "5"]
[EventCountry "ITA"]

1. e4 e5 2. Nf3 Nc6 3. Bc4 Nf6 4. d3 Bc5 5. c3 O-O 6. O-O d6 7. Nbd2 a6 8. Bb3 b5 9. h3 Bb7 10. Re1 h6 11. Nf1 Re8 12. d4 exd4 13. cxd4 Bb6 14. Ng3 Ne7 15. Nh4 c5 16. dxc5 dxc5 17. Qf3 c4 18. Bc2 Qc7 19. Bf4 Qc5 20. Bxh6 Qxf2+ 21. Qxf2 Bxf2+ 22. Kxf2 gxh6 23. Nhf5 Nxf5 24. Nxf5 Nxe4+ 25. Bxe4 Rxe4 26. Rxe4 Bxe4 27. Nxh6+ Kg7 28. Ng4 f5 29. Ne3 Rd8 30. Rd1 Rxd1 31. Nxd1 Kf6 32. g3 b4 33. Ne3 c3 34. bxc3 bxc3 35. Ke2 Kg5 36. Ke1 f4 37. gxf4+ Kxf4 38. Nd1 c2 39. Kd2 cxd1=Q+ 40. Kxd1 Kg3 41. Kc1 Kxh3 42. Kb2 Bd3 43. a4 Kg3 44. a5 Kf4 1/2-1/2